Sight and Sound's The 250 Greatest Films of all Time - Statistics

General Stats
  • This quiz has been taken 1,573 times
  • The average score is 51 of 250
Answer Stats
Year Film % Correct
1931 M
84%
1972 The Godfather
82%
1941 Citizen Kane
77%
1960 Psycho
71%
1939 Gone with the Wind
70%
1942 Casablanca
68%
1958 Vertigo
68%
1968 2001: A Space Odyssey
66%
1977 Star Wars
62%
1976 Taxi Driver
59%
1954 Rear Window
58%
1990 GoodFellas
56%
1974 The Godfather Part II
56%
1979 Apocalypse Now
55%
1982 E.T. the Extra-Terrestrial
55%
1971 A Clockwork Orange
54%
1939 The Wizard of Oz
54%
1959 North By Northwest
53%
1980 The Shining
53%
1994 Pulp Fiction
52%
1980 Raging Bull
51%
1954 Seven Samurai
51%
1927 Metropolis
48%
1931 City Lights
46%
1962 Lawrence Of Arabia
46%
1959 Some Like It Hot
45%
1963 Dr. Strangelove or: How I Learned to Stop Worrying and Love the Bomb
44%
1936 Modern Times
44%
1974 Ali: Fear Eats the Soul
41%
1975 Barry Lyndon
40%
1950 Sunset Blvd.
40%
1953 Tokyo Story
39%
1963 8 1/2
38%
1974 Chinatown
38%
1950 Rashomon
38%
1951 Singin' in the Rain
38%
1960 The Apartment
38%
1956 The Searchers
38%
1940 The Great Dictator
37%
1957 The Seventh Seal
36%
1977 Annie Hall
35%
1982 Blade Runner
35%
1960 Breathless
35%
1966 Persona
35%
1949 The Third Man
35%
1922 Nosferatu
34%
1959 Les 400 coups
33%
1979 Stalker
33%
1960 La dolce vita
32%
1927 Sunrise: a Song of Two Humans
32%
1926 The General
32%
1948 Bicycle Thieves
31%
2001 Mulholland Drive
31%
1925 Battleship Potemkin
30%
1957 Wild Strawberries
30%
1986 Blue Velvet
29%
1968 Once Upon A Time In The West
29%
2000 In the Mood for Love
28%
1972 Solaris
28%
1925 The Gold Rush
27%
1927 The Passion of Joan of Arc
27%
1952 Ikiru
26%
1974 Mirror
26%
1983 Once Upon a Time in America
26%
2007 There Will Be Blood
26%
1958 Touch of Evil
26%
1966 Andrei Rublev
25%
2001 Spirited Away
25%
1916 Intolerance
24%
1929 Man with a Movie Camera
24%
1974 The Conversation
24%
1976 Eraserhead
22%
1948 The Red Shoes
22%
1966 Blow Up
21%
1933 King Kong
21%
1954 La Strada
21%
1963 Le Mépris
21%
1945 Ivan the Terrible
20%
1949 Late Spring
20%
1975 Nashville
20%
1946 Notorious
20%
1942 The Magnificent Ambersons
20%
2010 The Tree of Life
20%
1985 Come and See
19%
1960 L'avventura
19%
1924 Sherlock Jr.
19%
1919 The Cabinet of Dr. Caligari
19%
1994 Three Colors: Red
19%
1933 Duck Soup
18%
1939 La Règle du jeu
18%
1934 L'Atalante
18%
1979 Manhattan
18%
1984 Paris, Texas
18%
1958 Rio Bravo
18%
1985 Shoah
18%
1953 Ugetsu monogatari
18%
1990 Close-Up
17%
1989 Do the Right Thing
17%
1962 Jules et Jim
17%
1937 La Grande Illusion
17%
1965 Pierrot le fou
17%
1955 The Night of the Hunter
17%
1998 The Thin Red Line
17%
1993 Three Colors: Blue
17%
1928 Un chien andalou
17%
1972 Aguirre, Wrath Of God
16%
1966 Au hasard Balthazar
16%
1973 Badlands
16%
1945 Brief Encounter
16%
1955 Ordet
16%
1959 Pickpocket
16%
1945 Rome Open City
16%
1993 The Piano
16%
2008 Wall-E
16%
2000 Yi Yi
16%
1972 Amarcord
15%
1938 Bringing Up Baby
15%
1994 Chungking Express
15%
1957 Cries and Whispers
15%
1925 Greed
15%
1975 Jeanne Dielman, 23 quai du Commerce 1080 Bruxelles
15%
1988 My Neighbor Totoro
15%
1975 Salò, or the 120 Days of Sodom
15%
1994 Sátántango
15%
1966 The Battle of Algiers
15%
1946 The Big Sleep
15%
1969 The Wild Bunch
15%
1956 Un condamné à mort s'est échappé
15%
1946 A Matter Of Life And Death
14%
1902 A Trip to the Moon
14%
1974 A Woman Under the Influence
14%
1978 Days of Heaven
14%
1955 Pather Panchali
14%
1954 Sansho dayu
14%
1943 The Life & Death Of Colonel Blimp
14%
1962 The Man Who Shot Liberty Valance
14%
1959 Hiroshima mon amour
13%
1939 His Girl Friday
13%
1969 Kes
13%
1962 La Jetée
13%
1961 Last Year at Marienbad
13%
1967 Play Time
13%
1947 Red River
13%
1991 A Brighter Summer Day
12%
1947 Black Narcissus
12%
2005 Caché
12%
1962 Cleo from 5 to 7
12%
1954 Journey to Italy
12%
1983 L'argent
12%
1962 L'eclisse
12%
1964 Red Desert
12%
1940 The Grapes of Wrath
12%
1963 The Leopard
12%
1962 Vivre sa vie
12%
1998 Beau Travail
11%
1966 Chimes at Midnight
11%
1973 Don't Look Now
11%
1998 Histoire(s) du cinéma
11%
1945 Les Enfants du paradis
11%
1927 Napoleon
11%
1982 Sans soleil
11%
1974 The Texas Chainsaw Massacre
11%
1942 To Be or Not to Be
11%
1932 Vampyr
11%
1930 Earth
10%
1948 Germany Year Zero
10%
1964 Gertrud
10%
1946 My Darling Clementine
10%
1972 The Discreet Charm of the Bourgeoisie
10%
1991 The Double Life of Veronique
10%
1962 The Exterminating Angel
10%
1924 The Last Laugh
10%
1973 The Spirit Of The Beehive
10%
1989 The Thin Blue Line
10%
1964 The Umbrellas of Cherbourg
10%
1983 Videodrome
10%
1961 Viridiana
10%
1962 An Autumn Afternoon
9%
1996 Breaking the Waves
9%
1951 Diary of a Country Priest
9%
1984 Fanny & Alexander
9%
1930 L'Age d'Or
9%
1955 Los Olvidados
9%
1953 Madame de...
9%
2011 Melancholia
9%
1966 Mouchette
9%
1946 Paisá
9%
1931 Tabu
9%
1970 The Conformist
9%
1941 The Lady Eve
9%
1951 The River
9%
1933 The Testament of Dr. Mabuse
9%
1944 A Canterbury Tale
8%
1980 Berlin Alexanderplatz
8%
1966 Daisies
8%
1943 Day of Wrath
8%
1968 Faces
8%
1945 "I Know Where I'm Going!"
8%
1959 Imitation Of Life
8%
1950 In a Lonely Place
8%
1949 Kind Hearts and Coronets
8%
1973 La maman et la putain
8%
1944 Meet Me in St. Louis
8%
1943 Meshes of the Afternoon
8%
1933 Only Angels Have Wings
8%
1947 Out of the Past
8%
1974 The Passenger
8%
2011 The Turin Horse
8%
2000 The Werckmeister Harmonies
8%
1958 The World of Apu
8%
1932 Trouble in Paradise
8%
1974 Celine and Julie Go Boating
7%
1932 I Was Born, But...
7%
1990 Out 1
7%
1936 Partie de campagne
7%
2002 Russian Ark
7%
1968 The Colour Of Pomegranates
7%
1952 The Life of Oharu
7%
1958 The Music Room
7%
1973 Touki-Bouki
7%
2004 Tropical Malady
7%
1967 Two or Three Things I Know About Her...
7%
2010 Uncle Boonmee Who Can Recall His Past Lives
7%
1970 Wanda
7%
1989 A City of Sadness
6%
1969 Army of Shadows
6%
1977 Killer of Sheep
6%
1976 Kings of the Road
6%
1948 Letter From an Unknown Woman
6%
1942 Listen to Britain
6%
1984 Love Streams
6%
1970 Performance
6%
1948 Spring in a Small Town
6%
1957 Sweet Smell of Success
6%
2005 The Death of Mr. Lazarescu
6%
1977 The Devil Probably
6%
1962 The House is Black
6%
1940 The Shop Around the Corner
6%
1967 Wavelength
6%
2002 West of the Tracks
6%
1979 A Tale of Tales
5%
1969 A Touch of Zen
5%
1966 Chelsea Girls
5%
1988 Distant Voices, Still Lives
5%
1955 Floating Clouds
5%
1967 Marketa Lazarová
5%
1966 Memories of Underdevelopment
5%
1939 The Story of the Late Chrysantherum
5%
1975 The Traveling Players
5%
1971 Two-Lane Blacktop
5%
No matching quizzes found
Score Distribution
Percent of People with Each Score
Percentile by Number Answered
Your Score History
You have not taken this quiz